Tim und Struppi Quiz (Die Krabbe mit den goldenen Scheren) - Statistiken

Allgemein
  • Dieses Quiz wurde 18 mal gespielt
  • Das Durchschnittsergebnis liegt bei 5 aus 10
Antwortstatistiken
Hint Antwort % Korrekt
Wer ist der Kapitän auf dem Schiff? Haddock
100%
Womit entkommen Tim und der Kapitän vom Schiff? Flugzeug
88%
Wie heißt der erste Offizier des Schiffes? Allan
75%
Was wird in den Dosen geschmuggelt? Opium
63%
Welche Nationalität hat der Polizist der auch auf dem Schiff gefangen gehalten wird? Japanisch
50%
Wie heißt das Schiff aud dem Tim festgehalten wird? Karaboudjan
44%
Nach was sucht Tim im Abfall? Krabbendose
44%
Als was ist die Geheimtür getarnt in die Tim hineingeht? Weinfass
38%
Wer ist der Anführer der Schmugglerbande? Omar Ben Salaad
25%
In dieser arabischen Stadt finden sie das oben gesuchte Schiff am Hafen liegen? Bagghar
6%
Keine übereinstimmenden Quizze gefunden
Verteilung der Resultate
Anzahl Personen mit jedem Resultat
Perzentil nach korrekt beantworteten Fragen
Ihre Resultats-Entwicklung
Sie haben dieses Quiz noch nicht gespielt